100 meilleurs clubs d'Europe (2024) - Statistiques

Statistiques générales
  • Ce quiz a été pris 421 fois
  • Le résultat moyen est 55 sur 100
Statistiques - réponses
Pays Club % Correct
ANG Manchester City
100%
FRA Paris Saint Germain
100%
ALL Bayern Munich
99%
ITA Inter Milan
99%
ESP Real Madrid
99%
ITA AC Milan
98%
ANG Liverpool
98%
ANG Manchester United
97%
ALL Borussia Dortmund
96%
ANG Chelsea
94%
ITA Juventus
94%
ESP Atletico Madrid
93%
ESP Barcelone
93%
ITA AS Rome
92%
FRA Marseille
92%
FRA Lyon
90%
ANG Arsenal
89%
ALL Bayer Leverkusen
89%
POR Porto
89%
P-B Ajax
85%
FRA Lille
85%
ESP Seville
85%
POR Benfica
84%
ITA Naples
82%
ALL RB Leipzig
81%
FRA Monaco
78%
POR Sporting
78%
ANG Tottenham
78%
P-B PSV Eindhoven
75%
ITA Atalanta Bergame
73%
BEL Club Bruges
73%
ITA Lazio Rome
73%
ESP Valence
72%
ECO Celtic
71%
TUR Galatasaray
70%
ECO Glasgow Rangers
69%
FRA Rennes
69%
ESP Villarreal
67%
ANG Aston villa
66%
FRA Nice
66%
UKR Dynamo Kiev
65%
ESP Real Betis
65%
ANG West Ham
64%
P-B Feyenoord
63%
ANG Newcastle
63%
ESP Real Sociedad
63%
UKR Shaktar Donetsk
63%
CRO Dynamo Zagreb
61%
GRE Olympiakos
58%
SUI Young Boys
58%
ALL Eintracht Francfort
57%
ITA Fiorentina
57%
DAN Copenhague
56%
POR Braga
54%
TUR Fenerbahce
53%
AUT Salzbourg
52%
SER Etoile Rouge Belgrade
49%
SUI Bale
48%
ANG Leicester
44%
ISR Maccabi Tel Aviv
43%
ANG Brighton
42%
CZ Slavia Prague
41%
CZ Sparta Prague
41%
ISR Maccabi Haifa
39%
ALL Wolfsburg
39%
SUE Malmo
38%
ALL Union Berlin
37%
RUS Zenith Saint Petersbourg
36%
BEL Union Saint Gilloise
34%
BEL La Gantoise
33%
ITA Torino
33%
P-B AZ Alkmaar
31%
ALL Borussia Monchengladbach
30%
ESP Getafe
28%
ALL Fribourg
27%
POL Legia Varsovie
27%
GRE PAOK
27%
AZE Qarabag
26%
BEL Royal Antwerp
26%
ALL Hoffenheim
25%
ANG Wolverhampton
25%
ALL Cologne
24%
HON Ferencvaros
23%
SLO Slovan Bratislava
22%
ESP Espanyol Barcelone
21%
SER Partizan Belgrade
21%
POL Lech Poznan
20%
MOL Sheriff Tiraspol
20%
CZ Viktoria Plzen
20%
TUR Istanbul Basaksehir
19%
BUL Ludogorets
18%
NOR Molde
18%
ESP Osasuna
18%
NOR Bodo Glimt
16%
AUT LASK
16%
ROU CFR Cluj
15%
ESP Grenade
15%
DAN Midtjylland
14%
ISR Hapoel Beer Sheva
8%
UKR Zorya Louhansk
3%
Aucun quiz correspondant
Distribution des résultats
% des personnes avec chaque résultat
Percentile par nombre de réponses
Votre historique - résultats
Vous n’avez pas pris ce quiz